000 00492nam a2200169 i 4500
001 78632
003 ES-MaACL
005 20230906173753.0
007 t|
008 041015s1910 fr ||||1| fre d
100 1 _aHauvette, Henri.
_962136
245 1 0 _aHistoires des litteratures
_b: litterature italienne /
_cHenri Hauvette.
250 _a10ème ed.
260 _a[S.l. :
_bs.n.,
_c1910] (
_eCoulommiers :
_fPaul Brodard)
300 _aXII, 518 p. ;
_c20 cm.
852 _aES-MaACL
_jF-5824
999 _c78632
_d78632